| 000 | 02214cam a2200589 a 4500 | ||
|---|---|---|---|
| 001 | 20969 | ||
| 003 | VRT | ||
| 005 | 20260207124408.0 | ||
| 008 | 230403s1952 xo 000 d slo c | ||
| 015 | _aSNBA19451955-008652 | ||
| 035 | _aSK01SNKBKSFS20010081151 | ||
| 035 | _aurn:nbn:sk:snk-am3i665 | ||
| 035 | _a3EA2DBE8-7684-43D4-A7C5-B4331DC5E49F | ||
| 035 | _aurn:nbn:sk:snk-am00dlh2 | ||
| 035 | _aSKM000083614 | ||
| 039 | 9 |
_a202408071131 _bAUTHORITY _c202408071124 _dAUTHORITY _c202304032055 _dVLOAD _c202212050956 _dVLOAD |
|
| 040 |
_aSNK _bslo _cSNK _eAACR2 |
||
| 041 | 1 |
_aslo _hrus |
|
| 044 |
_axo _cSK |
||
| 072 | 7 |
_a821.161.1 _xRuská literatúra _2konspekt |
|
| 072 | 7 |
_a821.161.1-2 _xRuská dráma _2konspekt |
|
| 080 |
_a821.161.1-2 _22011 |
||
| 080 |
_a(0:82-2) _22011 |
||
| 080 |
_a(0:82-22) _22011 |
||
| 100 | 1 |
_aOstrovskij, Aleksandr Nikolajevič, _d1823-1886 _4aut |
|
| 240 | 1 | 0 |
_aDochodnoje mesto _lSlovensky |
| 245 | 1 | 0 |
_aVýnosné miesto _bkomédia v piatich dejstvách _cA.N. Ostrovskij ; [z ruského originálu ... preložil Karol Podolinský] |
| 250 | _a1. vyd. | ||
| 260 |
_aMartin _bMatica slovenská _c1952 |
||
| 300 |
_a113, [2] s. _c18 cm |
||
| 366 | _e3300 kusov | ||
| 490 | 1 |
_aPrekladová divadelná knižnica _vsv. 26 |
|
| 655 | 7 |
_aruské drámy _2SNKPH |
|
| 655 | 7 |
_adivadelné hry _2SNKPH |
|
| 655 | 7 |
_adivadelné komédie _2SNKPH |
|
| 655 | 7 |
_aRussian drama _2SNKPHeng |
|
| 655 | 7 |
_aTheatre plays _2SNKPHeng |
|
| 655 | 7 |
_aComedies _2SNKPHeng |
|
| 700 | 1 |
_aPodolinský, Karol, _d1903-1998 _4trl |
|
| 700 | 1 |
_aTvarožek, Eduard Vladimír, _d1920-1999 _4red |
|
| 830 | 0 | _aPrekladová divadelná knižnica | |
| 910 | _asnk | ||
| 942 |
_2ddc _cKLDO _n0 |
||
| 949 |
_6270001000642365 _asvkbbS 35312 _bsvkbbm 62756 |
||
| 949 |
_617A0662673 _asnkSD 6934/26 D1 _bsnkD 1771/60 |
||
| 949 |
_617A0662672 _asnkSD 6934/26 D2 _bsnkD 1421/62 |
||
| 949 |
_617A0662671 _asnkSD 6934/26 D3 _bsnkF 4482/63 |
||
| 949 |
_62889358902 _asavukA 18070 _oK 191/53 |
||
| 949 |
_6369701000015798 _aaubbD 11623 _baubbD11623 _pDarca: Maťašík, Andrej |
||
| 949 |
_617A0911753 _asnkSD 6934/26 _bsnk3851/52 _oI. 415/52 - evidenčné číslo _s6100:20190903 |
||
| 999 |
_c20969 _d20969 |
||